00729nam a22002177a 4500003000500000005001700005008004100022010001000063011001000073035001000083040000900093082002100102100002500123245006100148250000900209260007600218300001000294490009000304650002700394830009000421CHAP20220329133738.0971013s1972 r 00010 d a10265 a11237 a10475 cCHAP a581.987bB3 197200aBadillo, Víctor M. aClave de las familias de plantas superiores de Venezuela a5 ed aMaracay :bUniversidad Central de Venezuela. Fac. de Agronomía,c1972 a246 p aRevista de la Facultad de Agronomía de la Univ. Central de Venezuela. Alcancev; 1814aBotánicaxVenezuela.0 aRevista de la Facultad de Agronomía de la Univ. Central de Venezuela. Alcancev; 18